00180nam a2200073Ia 4500082001300000245002900013100002300042008004100065 aEJF PARK 0a5 utterly silly stories  aGallagher, Belinda210825s9999 xx 000 0 und d